Culture Générale - Série 544 - Statistiques

Statistiques générales
  • Ce quiz a été pris 171 fois
  • Le résultat moyen est 7 sur 10
Statistiques - réponses
Question Réponse % Correct
Comment appelle-t-on les habitants de Naples ? Napolitains
97%
Selon l'expression, qu'a-t-on "sur la planche" lorsqu'on a beaucoup de travail à faire ? du pain
95%
Quel nom désigne la pression exercée sur le bouton d'une souris d'ordinateur ? clic
93%
Dans le langage scout, que signifient les lettres B et A dans l'expression "Faire sa B.A." ? bonne action
92%
Quel saint a donné son nom à une gare parisienne de trains grandes lignes ? Saint Lazare
84%
Quel éminent titre religieux Jean-Marie Lustiger a-t-il obtenu en 1983 ? Cardinal
71%
Quel magicien la fée Viviane a-t-elle enfermé pour l'éternité ? Merlin
71%
Quelle onomatopée suit le mot "Tchiki" dans le titre d'une chanson de Niagara en 1985 ? boum
52%
Qui chante "Non, je n'ai rien oublié", en 1971 ? Charles Aznavour
39%
Qui chante "Mon coeur est malade" en 1975 ? Dave
33%
Aucun quiz correspondant
Distribution des résultats
% des personnes avec chaque résultat
Percentile par nombre de réponses
Votre historique - résultats
Vous n’avez pas pris ce quiz